[Event "Villa Guardia D Oro Cup 26th"]
[Site "Villa Guardia"]
[Date "2008.11.11"]
[Round "6"]
[White "Calabrese, Salvatore"]
[Black "Monetti, Egidio"]
[Result "0-1"]
[WhiteElo "1251"]
[BlackElo "1628"]
[PlyCount "38"]
[EventDate "2008.10.10"]
[EventType "swiss"]
[EventRounds "7"]
[EventCountry "ITA"]
[SourceTitle "EXT 2011"]
[Source "ChessBase"]
[SourceDate "2010.11.26"]
[SourceVersion "1"]
[SourceVersionDate "2010.11.26"]
[SourceQuality "1"]

1. e4 g6 2. Nc3 Bg7 3. Nf3 d6 4. d4 Nf6 5. h3 0-0 6. Bf4 Nc6 7. a3 e5 8. dxe5 dxe5 9. Nxe5 Nh5 10. Bg3 Nxe5 11. Bxe5 Bxe5 12. Nb5 a6 13. Nc3 Be6 14. g3 Qf6 15. Qd2 Rad8 16. Qe3 Bd4 17. Qc1 Qxf2+ 18. Kd1 Bxc3+ 19. Bd3 Qf3# 0-1

[Event "Villa Guardia D Oro Cup 26th"]
[Site "Villa Guardia"]
[Date "2008.10.10"]
[Round "1"]
[White "Cervini, Gian Piero"]
[Black "Calabrese, Salvatore"]
[Result "1-0"]
[WhiteElo "1768"]
[BlackElo "1251"]
[PlyCount "65"]
[EventDate "2008.10.10"]
[EventType "swiss"]
[EventRounds "7"]
[EventCountry "ITA"]
[SourceTitle "EXT 2011"]
[Source "ChessBase"]
[SourceDate "2010.11.26"]
[SourceVersion "1"]
[SourceVersionDate "2010.11.26"]
[SourceQuality "1"]

1. e4 Nf6 2. e5 Nd5 3. d4 Nc6 4. c4 Ndb4 5. a3 Na6 6. b4 e6 7. b5 Rb8 8. Nf3 f5 9. Nc3 h6 10. Be3 d5 11. bxc6 bxc6 12. c5 Be7 13. Qa4 Nxc5 14. dxc5 0-0 15. Be2 g5 16. Nd4 Bd7 17. Nxc6 Bxc6 18. Qxc6 g4 19. Qxe6+ Rf7 20. Nxd5 Rb2 21. Bc4 Bg5 22. Nf6+ Bxf6 23. Qxf7+ Kh8 24. exf6 Qg8 25. Qg7+ Qxg7 26. fxg7+ Kxg7 27. Bd4+ Kg6 28. Bxb2 c6 29. 0-0-0 a6 30. Rd7 a5 31. h4 a4 32. Rg7+ Kh5 33. Bf7# 1-0

[Event "Como Primavera op"]
[Site "Como"]
[Date "2008.04.04"]
[Round "7"]
[White "Mason, Giovanni"]
[Black "Calabrese, Salvatore"]
[Result "1-0"]
[WhiteElo "1562"]
[BlackElo "1299"]
[PlyCount "43"]
[EventDate "2008.02.15"]
[EventType "swiss"]
[EventRounds "7"]
[EventCountry "ITA"]
[SourceTitle "EXT 2009"]
[Source "ChessBase"]
[SourceDate "2008.11.26"]
[SourceVersion "1"]
[SourceVersionDate "2008.11.26"]
[SourceQuality "1"]

1. e4 b6 2. Nf3 Bb7 3. d3 g6 4. g3 d5 5. e5 d4 6. Bg2 Bg7 7. 0-0 Bxe5 8. Nxe5 Bxg2 9. Kxg2 Qd5+ 10. Nf3 Nd7 11. Re1 Ne5 12. Rxe5 f6 13. Rxd5 e5 14. Qe2 Ne7 15. Rb5 a6 16. Rb3 0-0 17. Nbd2 f5 18. Qxe5 Rf7 19. Nc4 f4 20. Bxf4 Rf5 21. Qe6+ Kf8 22. Bh6+ 1-0

[Event "Como Primavera op"]
[Site "Como"]
[Date "2008.02.22"]
[Round "2"]
[White "Casella, Vincenzo"]
[Black "Calabrese, Salvatore"]
[Result "1-0"]
[WhiteElo "1527"]
[BlackElo "1299"]
[PlyCount "61"]
[EventDate "2008.02.15"]
[EventType "swiss"]
[EventRounds "7"]
[EventCountry "ITA"]
[SourceTitle "EXT 2009"]
[Source "ChessBase"]
[SourceDate "2008.11.26"]
[SourceVersion "1"]
[SourceVersionDate "2008.11.26"]
[SourceQuality "1"]

1. d4 g6 2. Nf3 d5 3. c3 Bg7 4. Bf4 c6 5. Nbd2 Bf5 6. Qb3 Qb6 7. e3 Nf6 8. Be2 Ne4 9. 0-0 0-0 10. Nxe4 Bxe4 11. Nd2 e6 12. f3 g5 13. Bxg5 Bg6 14. Be7 Re8 15. Bc5 Qc7 16. Qa3 Qd8 17. Bd6 e5 18. Rf2 Qg5 19. Nf1 f5 20. f4 exf4 21. Bxf4 Qh4 22. Qb3 b6 23. Qc2 Nd7 24. Bd3 Rf8 25. Ng3 Rae8 26. Nxf5 Qg4 27. Nxg7 Kxg7 28. Raf1 Be4 29. Qd2 Re6 30. Qe2 Qf5 31. Bh6+ 1-0

[Event "Como Primavera op-A 2nd"]
[Site "Como"]
[Date "2006.05.19"]
[Round "5"]
[White "Giaracuni, Claudio"]
[Black "Calabrese, Salvatore"]
[Result "1-0"]
[WhiteElo "1613"]
[BlackElo "1419"]
[PlyCount "109"]
[EventDate "2006.04.21"]
[EventType "swiss"]
[EventRounds "7"]
[EventCountry "ITA"]
[SourceTitle "EXT 2024"]
[Source "ChessBase"]
[SourceDate "2023.10.10"]
[SourceVersion "1"]
[SourceVersionDate "2023.10.10"]
[SourceQuality "1"]

1. c4 c5 2. Nf3 Nf6 3. Nc3 e6 4. e4 Nc6 5. g3 d5 6. cxd5 exd5 7. exd5 Nxd5 8. Qe2+ Be7 9. Nxd5 Qxd5 10. Bg2 Bg4 11. 0-0 Nd4 12. Nxd4 Bxe2 13. Bxd5 Bxf1 14. Bxb7 Rb8 15. Bc6+ Kd8 16. Nf5 Bb5 17. Bd5 Bf6 18. Bxf7 Bc6 19. d3 Bxb2 20. Rb1 Be5 21. Rxb8+ Bxb8 22. Bg5+ Kd7 23. Nxg7 Rf8 24. Be6+ Kc7 25. Bf5 Rf7 26. Ne6+ Kb6 27. Bd8+ Kb7 28. Nxc5+ Ka8 29. g4 Rf8 30. Bg5 a6 31. Nxa6 Bf3 32. Nc5 Re8 33. Be3 Be2 34. Be4+ Ka7 35. Nd7+ Ka6 36. Nxb8+ Rxb8 37. h3 Rb2 38. Bxh7 Rxa2 39. Bg8 Ra1+ 40. Kh2 Bf3 41. Bc4+ Kb7 42. Kg3 Bc6 43. g5 Rg1+ 44. Kf4 Rh1 45. g6 Rxh3 46. g7 Rh4+ 47. Kg5 Be8 48. g8R Rh5+ 49. Kf6 Bc6 50. Rg7+ Kc8 51. Bf4 Kd8 52. Rg8+ Be8 53. Bf7 Kc8 54. Bxe8 Rc5 55. Bc6# 1-0